| 000 | 00848cam a22002531 4500 | ||
|---|---|---|---|
| 001 | gs 51000139 | ||
| 003 | DLC | ||
| 005 | 20260227111357.0 | ||
| 008 | 771207s1951 msua s000 0 eng c | ||
| 010 | _ags 51000139 | ||
| 035 | _a(OCoLC)3470996 | ||
| 040 |
_aU.S. Geol. Survey. Libr. _cNcBoA _dOCoLC _dDLC |
||
| 042 | _apremarc | ||
| 043 | _an-us-ms | ||
| 050 | 0 | 0 |
_aQE129 _b.A2 no. 72 |
| 082 | _a551.49 | ||
| 100 | 1 | _aLusk, Tracy Wallace. | |
| 245 | 1 | 0 | _aGround water investigations along Bogue Phalia between Symonds and Malvina, Bolivar County. |
| 260 |
_aUniversity, Miss., _c1951. |
||
| 300 |
_a19 p. _bdiagrs. (part fold.) _c23 cm. |
||
| 410 | 2 | 0 |
_aMississippi Geological, Economic, and Topographical Survey _tBulletin _v72 |
| 650 | 0 |
_aGroundwater _zMississippi _zBolivar County. |
|
| 650 | 0 |
_aWater-supply _zMississippi _zBolivar County. |
|
| 999 |
_c28556 _d28556 |
||